FIFA World Cup 2026 - Iraq Squad - Statistics

General Stats
  • This quiz has been taken 2 times
  • The average score is 5 of 27
Answer Stats
Team # Position Club/Country Player % Correct
Iraq 3 RB Pogon Szczecin Hussein Ali
100%
Iraq 10 ST Dibba SCC Mohanad Ali
100%
Iraq 16 DM Cracovia Amir Al-Ammari
50%
Iraq 18 ST Al-Karma Aymen Hussein
50%
Iraq Manager Australia Graham Arnold
50%
Iraq 12 GK Al-Zawraa SC Jalal Hassan
50%
Iraq 21 LW Venezia FC Marko Farji
50%
Iraq 23 LB FC Viktoria Plzen Merchas Doski
50%
Iraq 22 GK Al-Shorta SC Ahmed Basil Fadhil
0%
Iraq 11 RW Nashville SC Ahmed Qasem
0%
Iraq 15 LB Al-Shorta SC Ahmed Yahya
0%
Iraq 20 CM Sarpsborg 08 FF Aimar Sher
0%
Iraq 5 CB Al-Zawraa SC Akam Hashem
0%
Iraq 9 ST Luton Town Ali Al-Hamadi
0%
Iraq 17 LW Al-Najma SC Ali Jasim
0%
Iraq 13 ST Al-Talaba SC Ali Yousif
0%
Iraq 1 GK Al-Talaba SC Fahad Talib
0%
Iraq 26 CB PERSIB Bandung Frans Dhia Putros
0%
Iraq 8 AM Al-Dhafra FC Ibrahim Bayesh
0%
Iraq 19 CM Aarhus GF Kevin Yakob
0%
Iraq 6 CB Al-Shorta SC Manaf Younis
0%
Iraq 25 RB Al-Shorta SC Mustafa Saadoon
0%
Iraq 2 CB Port FC Rebin Sulaka
0%
Iraq 7 LW AEK Larnaca Youssef Amyn
0%
Iraq 24 DM Al-Talaba SC Zaid Ismail
0%
Iraq 4 CB Pakhtakor Tashkent Zaid Tahseen
0%
Iraq 14 CM FC Utrecht Zidane Iqbal
0%
No matching quizzes found
Score Distribution
Percent of People with Each Score
Percentile by Number Answered
Your Score History
You have not taken this quiz